Men, crime and criminology: recasting the questions
| Autor principal: | |
|---|---|
| Tipo de documento: | Print Artículo |
| Lenguaje: | Inglés |
| Publicado: |
1989
|
| En: |
International journal of the sociology of law
Año: 1989, Volumen: 17, Número: 1, Páginas: 19-39 |
| Disponibilidad en Tübingen: | Disponible en Tübingen. IFK: 5279 |
| Verificar disponibilidad: | HBZ Gateway |
| Palabras clave: |
MARC
| LEADER | 00000caa a22000002c 4500 | ||
|---|---|---|---|
| 001 | 1631828967 | ||
| 003 | DE-627 | ||
| 005 | 20220607131145.0 | ||
| 007 | tu | ||
| 008 | 130507s1989 xx ||||| 00| ||eng c | ||
| 035 | |a (DE-627)1631828967 | ||
| 035 | |a (DE-576)381938417 | ||
| 035 | |a (DE-599)BSZ381938417 | ||
| 040 | |a DE-627 |b ger |c DE-627 |e rakwb | ||
| 041 | |a eng | ||
| 100 | 1 | |a Allen, Judith |4 aut | |
| 245 | 1 | 0 | |a Men, crime and criminology |b recasting the questions |c Judith Allen |
| 264 | 1 | |c 1989 | |
| 336 | |a Text |b txt |2 rdacontent | ||
| 337 | |a ohne Hilfsmittel zu benutzen |b n |2 rdamedia | ||
| 338 | |a Band |b nc |2 rdacarrier | ||
| 773 | 0 | 8 | |i In |t International journal of the sociology of law |d London [u.a.] : Academ. Pr., 1979 |g 17(1989), 1, Seite 19-39 |w (DE-627)130450707 |w (DE-600)717269-2 |w (DE-576)015996611 |x 0194-6595 |7 nnas |
| 773 | 1 | 8 | |g volume:17 |g year:1989 |g number:1 |g pages:19-39 |
| 951 | |a AR | ||
| ELC | |b 1 | ||
| LOK | |0 000 xxxxxcx a22 zn 4500 | ||
| LOK | |0 001 3283144214 | ||
| LOK | |0 003 DE-627 | ||
| LOK | |0 004 1631828967 | ||
| LOK | |0 005 20130925102825 | ||
| LOK | |0 008 130507||||||||||||||||ger||||||| | ||
| LOK | |0 040 |a DE-21-110 |c DE-627 |d DE-21-110 | ||
| LOK | |0 689 |a s |a Kriminalitätstheorien | ||
| LOK | |0 689 |a s |a Feministische Kriminologie | ||
| LOK | |0 689 |a s |a Geschlechtsrollen | ||
| LOK | |0 689 |a s |a Mädchendelinquenz | ||
| LOK | |0 689 |a s |a Weibilche Kriminalität | ||
| LOK | |0 689 |a s |a Männliche Kriminalität | ||
| LOK | |0 852 |a DE-21-110 | ||
| LOK | |0 852 1 |c 5279 |m p |9 00 | ||
| LOK | |0 935 |a k110 | ||
| LOK | |0 938 |k p | ||
| LOK | |0 939 |a 07-05-13 |b l01 | ||
| ORI | |a SA-MARC-krimdoka001.raw | ||
| SIG | |a IFK: 5279 | ||
